Step by step vitrectomy
Saved in:
| Main Author: | |
|---|---|
| Format: | Book |
| Language: | English |
| Published: |
Jaypee Brothers Medical Publishers
2013
|
| Tags: |
Add Tag
No Tags, Be the first to tag this record!
|
MARC
| LEADER | 00000nam a22000007a 4500 | ||
|---|---|---|---|
| 008 | 211230b ||||| |||| 00| 0 eng d | ||
| 020 | |a 9789350903544 | ||
| 100 | |a MARTINEZ-TOLDOS, Jose MARTINEZ-TOLDOS, Jose J. |a Hoyos Jairo E. | ||
| 245 | |a Step by step vitrectomy |c Jose J. Martinez-Toldos, Jairo E.Hoyos |g xxv, 376 p;ill | ||
| 250 | |b 2nd | ||
| 260 | |b Jaypee Brothers Medical Publishers |c 2013 |h New Delhi |i 699329 |i 699330 |l RE80.M36 |m Vitrectomy Vitrectomy |m Vitrectomy - methods | ||
| 500 | |a it includes index and references and CD-ROM | ||
| 942 | |a lcc |c BK |e Johnson |f 30/12/21 | ||
| 952 | |0 0 |1 0 |2 lcc |4 0 |6 RE0080 M36 |7 0 |9 4023 |a ML |b HOL |c QZ |d 2021-12-30 |l 0 |o RE80.M36 |p 2021-67747 |r 2021-12-30 00:00:00 |t 699329 |w 2021-12-30 |y BK | ||
| 952 | |0 0 |1 0 |2 lcc |4 0 |6 RE0080 M36 |7 0 |9 4024 |a HOL |b HOL |c QZ |d 2021-12-30 |l 0 |o RE80.M36 |p 2021-67748 |r 2021-12-30 00:00:00 |t 699330 |w 2021-12-30 |y BK | ||
| 999 | |c 2022 |d 2022 | ||